[Event "Catalan Youth-ch 2020"]
[Site "Salou"]
[Date "2020.09.10"]
[Round "8.5"]
[White "Iborra Polo, Eric"]
[Black "Salinas Tomas, Daniel"]
[Result "1/2-1/2"]
[WhiteElo "1640"]
[BlackElo "1979"]
[Annotator "TA"]
[PlyCount "37"]
[EventDate "2020.09.07"]
[EventType "swiss"]
[EventCountry "ESP"]
[SourceTitle "playchess.com"]
[Source "ChessBase"]
[SourceQuality "1"]

{[%evp 9,37,20,20,14,15,-28,-1,-70,-61,-67,-66,-87,-87,-75,-58,-80,0,0,-7,-6,0,3,16,-17,-6,-41,-9,-61,-63,-81]} 1. e4 e6 2. d4 d5 3. Nd2 Be7 4. e5 c5 5. c3 cxd4 6. cxd4 {C03: French Tarrasch: Unusual Black 3rd moves.} Qb6 {6...Qb6 scores better than 6...Nc6.} 7. Qg4 g5 {[#]} 8. Qd1 $146 ({White should try} 8. Nb3 $11) ({Predecessor:} 8. Bd3 h5 9. Qe2 Nc6 10. Nb3 a5 11. Be3 a4 12. Nc5 Nxd4 13. Bxd4 Bxc5 14. Bxc5 Qxc5 {0-1 (33) Rojas Fernandez,A (2009)-Brzezinski,A (2208) Barcelona 2016}) 8... Qxd4 $15 9. Ngf3 $1 {[%cal Rf3d4]} Qb6 10. Nb3 Nc6 11. Nxg5 Nxe5 12. Be2 h6 (12... Bb4+ $17 13. Bd2 Bxd2+ 14. Qxd2 Ne7) 13. Nf3 $11 Nxf3+ 14. Bxf3 Bg5 15. O-O Ne7 16. Qe2 Bd7 {[#] ...Bb5 is the strong threat.} 17. Bh5 Rg8 18. Qf3 (18. Be3 $11 Bxe3 19. fxe3) 18... Nf5 $15 19. Re1 {Accuracy: White = 65%, Black = 73%.} 1/2-1/2

[Event "Catalan Youth-ch 2020"]
[Site "Salou"]
[Date "2020.09.10"]
[Round "8.6"]
[White "Travesset Sagre, Jan"]
[Black "Castillo Dalmau, Arnau"]
[Result "1-0"]
[WhiteElo "2093"]
[BlackElo "2018"]
[Annotator "TA"]
[PlyCount "107"]
[EventDate "2020.09.07"]
[EventType "swiss"]
[EventCountry "ESP"]
[SourceTitle "playchess.com"]
[Source "ChessBase"]
[SourceQuality "1"]

{[%evp 19,107,41,66,34,72,75,72,53,90,60,60,60,70,60,54,39,65,65,86,75,92,48,133,108,158,161,214,167,165,122,129,79,121,54,128,83,126,105,170,141,134,152,287,265,258,253,264,255,255,239,367,315,493,482,782,528,522,412,519,464,426,302,323,277,1449,548,1485,1046,1037,1045,964,738,707,696,909,627,591,526,1845,1685,1788,908,650,0,29987,29988,29988,29989,29994,29995]} 1. Nf3 c5 2. c4 g6 3. d4 cxd4 4. Nxd4 Bg7 5. e4 Nc6 6. Be3 Nf6 7. Nc3 Ng4 8. Qxg4 Nxd4 9. Qd1 Ne6 10. Qd2 b6 11. Bh6 {B39: Sicilian: Maroczy Bind with 5...Bg7 and 7...Ng4.} Bb7 {[#]} 12. Bxg7 $146 ({Predecessor:} 12. Bd3 d6 13. O-O O-O 14. Rad1 Rc8 15. Rfe1 Qd7 16. b3 Nc5 17. Bc2 Qg4 18. Nd5 Rfe8 19. f3 Qh5 20. Bxg7 Kxg7 21. Re3 Kg8 22. f4 Qh6 23. Rh3 Qg7 24. f5 Bxd5 25. exd5 Nd7 {½-½ (25) Sorsa,N (2217)-Vetelaeinen,T Finland 2010}) 12... Nxg7 13. O-O-O {White is better.} Rc8 14. Qd4 f6 15. Kb1 Ne6 16. Qd2 Nc5 17. Qe3 Kf7 18. Be2 Qc7 19. f4 Qc6 {[%cal Rc5e4]} 20. e5 f5 (20... Qe6 $14) 21. g4 Qe6 22. Rhg1 Ke8 (22... Kg7 {keeps fighting.} 23. b4 Ne4) 23. gxf5 Qxf5+ 24. Ka1 {Bg4 is the strong threat.} Rf8 25. Rgf1 a5 26. b3 (26. Qg3 $16) 26... Bc6 (26... Bg2 $1 $14) 27. Kb2 Rc7 28. a3 {[%cal Ba2a3,Ba3b4][%mdl 32]} Rb7 (28... Bg2 $16 {might work better.}) 29. b4 axb4 30. axb4 Na4+ (30... Ne6 $16) 31. Nxa4 $18 Bxa4 {[#]} 32. Rd2 $1 b5 33. c5 Rc7 34. Rf3 Qf7 (34... Qe6 $142 35. Qe4 Qg4) 35. Qe4 {Threatening mate with Qa8+.} Rc6 (35... Qf5 $142 36. Qd5 Ra7) 36. Qd4 {[%csl Gd2][%cal Rd4d7]} e6 (36... Qe6 $142 37. Rg3 h5) 37. Bd3 Qe7 38. Rh3 {And now Rxh7! would win.} Rf7 39. Rg2 Qf8 40. Rh4 Qe7 41. Rhg4 Kf8 $2 {[#]} (41... Bd1 42. Bxg6 (42. Bxb5 Bxg4 43. Bxc6 dxc6 $16) 42... Bxg4 43. Bxf7+ Qxf7) 42. Be4 (42. Bxg6 $142 $1 {[%mdl 512]} Rg7 (42... hxg6 43. Rxg6) 43. f5 exf5 44. Bxf5 Rxg4 45. Rxg4 (45. Qxg4 Qxe5+ 46. Kb1 Bb3 $16)) 42... Rc8 43. h4 Rf5 44. Bxf5 exf5 45. Rg5 Qe6 46. R5g3 Ra8 47. Qd6+ Qxd6 48. cxd6 {[%mdl 4096] Endgame KRR-KRB} Kf7 {[#]} 49. h5 $1 Rg8 (49... gxh5 50. Rg7+) 50. Kc3 Rc8+ 51. Kb2 $2 (51. Kd2 $18) 51... Rc4 $2 {[%mdl 8192]} (51... Rg8 $11 52. hxg6+ hxg6) 52. hxg6+ {White mates.} hxg6 53. Rxg6 Rxb4+ 54. Ka3 {Accuracy: White = 54%, Black = 34%.} 1-0

[Event "Catalan Youth-ch 2020"]
[Site "Salou"]
[Date "2020.09.10"]
[Round "8.6"]
[White "Fernandez Climent, Albert"]
[Black "Lambert Pont, James"]
[Result "1-0"]
[WhiteElo "1673"]
[BlackElo "1574"]
[Annotator "NA RC"]
[PlyCount "35"]
[EventDate "2020.09.07"]
[EventType "swiss"]
[EventCountry "ESP"]
[SourceTitle "playchess.com"]
[Source "ChessBase"]
[SourceQuality "1"]
[TimeControl "5400+30"]

1. e4 {[%emt 0:00:19]} c5 {[%emt 0:00:00]} 2. Nf3 {[%emt 0:00:27]} Nc6 {[%emt 0:00:14]} 3. d4 {[%emt 0:00:53]} cxd4 {[%emt 0:00:38]} 4. Nxd4 {[%emt 0:00:10]} g6 {[%emt 0:00:53]} 5. Nc3 {[%emt 0:00:39]} Bg7 {[%emt 0:00:32]} 6. Be3 {[%emt 0:00:21]} d6 {[%emt 0:01:34]} 7. Qd2 {[%emt 0:01:10]} Nf6 {[%emt 0:01:09]} 8. f3 {[%emt 0:00:17]} O-O {[%emt 0:01:23]} 9. O-O-O {[%emt 0:00:20]} Re8 {[%emt 0:07:39]} 10. Bc4 {[%emt 0:06:27]} Bd7 {[%emt 0:06:40]} 11. h4 {[%emt 0:01:27]} h5 {[%emt 0:00:51]} 12. g4 {[%emt 0:01:59]} hxg4 {[%emt 0:02:12]} 13. h5 {[%emt 0:00:47]} gxh5 {[%emt 0:05:32]} 14. Bh6 {[%emt 0:04:07]} Qa5 {[%emt 0:04:56]} 15. Ndb5 {[%emt 0:07:34]} Ne5 {[%emt 0:01:40]} 16. Qg5 {[%emt 0:01:17]} Ng6 {[%emt 0:01:31]} 17. Qxg6 {[%emt 0:00:06]} Qa3 {[%emt 0:03:15]} 18. Qxg7# {[%emt 0:00:08]} 1-0

[Event "Catalan Youth-ch 2020"]
[Site "Salou"]
[Date "2020.09.10"]
[Round "8.7"]
[White "Roca Planas, Edgar"]
[Black "Ramon Herraez, Alex"]
[Result "0-1"]
[WhiteElo "2059"]
[BlackElo "1864"]
[Annotator "TA"]
[PlyCount "86"]
[EventDate "2020.09.07"]
[EventType "swiss"]
[EventCountry "ESP"]
[SourceTitle "playchess.com"]
[Source "ChessBase"]
[SourceQuality "1"]

{[%evp 13,86,29,45,22,47,10,62,52,86,20,33,26,31,36,68,29,31,34,41,35,45,20,68,65,127,116,120,89,160,156,184,142,120,120,143,121,147,133,144,136,138,126,134,126,177,181,180,171,175,181,195,191,194,184,198,175,174,144,116,65,78,33,50,21,54,0,0,0,0,-930,-911,-5369,-5310,-29980,-29971]} 1. e4 c5 2. Nf3 g6 3. c3 Bg7 4. d4 cxd4 5. cxd4 Nc6 6. Nc3 d6 7. h3 Nf6 8. Be2 {B22: Sicilian: 2 c3.} O-O 9. Be3 b6 (9... d5 $11) 10. O-O {White is slightly better.} Bb7 11. a3 (11. d5 $16) 11... Rc8 12. Qd3 Na5 13. Nd2 Qd7 14. f4 e6 15. Rad1 d5 16. e5 $36 {[%mdl 2048] White fights for an advantage.} Ne8 $1 17. h4 Qe7 18. h5 Nc4 ({Black should try} 18... Bh6 $14) 19. Nxc4 $16 dxc4 20. Qc2 Qh4 (20... Qd8 $142) 21. hxg6 hxg6 ({Don't blunder} 21... Qg3 $2 22. gxh7+ Kh8 23. Bf3 $18) 22. Bf3 Bxf3 23. Rxf3 {Black must now prevent Rh3.} Nc7 24. Qa4 a6 25. Qxc4 Nd5 26. Qd3 Nxc3 27. bxc3 b5 {[#]} 28. a4 $1 {[%mdl 512]} Rc4 (28... bxa4 $16 {might work better.} 29. Ra1 (29. Qxa6 Qg4 $14) 29... Rb8) 29. axb5 $18 axb5 30. Rb1 Rfc8 31. Bd2 Ra4 32. Qxb5 Ra2 33. Qd3 Rca8 34. Rff1 Bf8 35. Rb3 Qg4 36. Rfb1 ({Better is} 36. Rb7 $16) 36... Bh6 $14 37. Qe3 Kg7 $1 38. g3 Rc2 {Strongly threatening ...Raa2.} 39. c4 (39. R3b2 $14 Rxb2 40. Rxb2) 39... Raa2 $11 40. Rd3 $1 Rxc4 41. Rc3 $2 {[%mdl 8192]} (41. Re1 $11) 41... Rxc3 $19 42. Qxc3 {[#]} Bxf4 $1 {[%mdl 576] Pin} 43. Rb2 (43. Bxf4 Qe2) 43... Qd1+ {Black used his chance. Accuracy: White = 57%, Black = 67%.} 0-1

[Event "Catalan Youth-ch 2020"]
[Site "Salou"]
[Date "2020.09.10"]
[Round "8.7"]
[White "Jove Albaiges, Guillem"]
[Black "Sanchez Vacova, Alejandro"]
[Result "1-0"]
[WhiteElo "1491"]
[BlackElo "1149"]
[Annotator "NA RC"]
[PlyCount "62"]
[EventDate "2020.09.07"]
[EventType "swiss"]
[EventCountry "ESP"]
[SourceTitle "playchess.com"]
[Source "ChessBase"]
[SourceQuality "1"]
[TimeControl "5400+30"]

1. d4 {[%emt 0:00:00]} Nf6 {[%emt 0:00:00]} 2. Nc3 {[%emt 0:00:00]} g6 {[%emt 0:00:00]} 3. Bg5 {[%emt 0:00:32]} Bg7 {[%emt 0:01:17]} 4. e4 {[%emt 0:00:33]} d6 {[%emt 0:01:38]} 5. e5 {[%emt 0:02:07]} Nfd7 {[%emt 0:01:50]} 6. exd6 {[%emt 0:01:12]} cxd6 {[%emt 0:00:00]} 7. Qd2 {[%emt 0:02:04]} Nc6 {[%emt 0:01:07]} 8. Nf3 {[%emt 0:03:29]} O-O {[%emt 0:01:40]} 9. O-O-O {[%emt 0:04:25]} a6 {[%emt 0:03:26]} 10. Bh6 {[%emt 0:02:51]} Nf6 {[%emt 0:02:22]} 11. Bxg7 {[%emt 0:00:00]} Kxg7 {[%emt 0:04:56]} 12. d5 {[%emt 0:04:41]} Na7 {[%emt 0:06:59]} 13. h4 {[%emt 0:07:45]} h5 {[%emt 0:06:37]} 14. Ng5 {[%emt 0:05:26]} Bd7 {[%emt 0:10:37]} 15. Bd3 {[%emt 0:01:49]} Nb5 {[%emt 0:00:00]} 16. Nce4 {[%emt 0:02:12]} Nxe4 {[%emt 0:03:27]} 17. Nxe4 {[%emt 0:04:32]} Rc8 {[%emt 0:01:49]} 18. Kb1 {[%emt 0:03:07]} Bf5 {[%emt 0:00:43]} 19. Rdg1 {[%emt 0:06:12]} Qb6 {[%emt 0:03:50]} 20. Ka1 {[%emt 0:12:36]} Qd4 21. Qe2 {[%emt 0:07:33]} Rc7 {[%emt 0:03:25]} 22. f3 {[%emt 0:02:19]} Rfc8 {[%emt 0:03:32]} 23. g4 {[%emt 0:00:00]} Bxe4 {[%emt 0:00:00]} 24. fxe4 {[%emt 0:00:00]} hxg4 {[%emt 0:01:47]} 25. Rxg4 {[%emt 0:00:00]} Rh8 {[%emt 0:09:03]} 26. Rf1 {[%emt 0:04:26]} Rh5 {[%emt 0:00:00]} 27. Qf3 {[%emt 0:05:13]} f6 {[%emt 0:00:00]} 28. e5 {[%emt 0:02:23]} Qxe5 {[%emt 0:01:52]} 29. Rxg6+ {[%emt 0:00:29]} Kf8 {[%emt 0:03:29]} 30. Rfg1 {[%emt 0:02:17]} Rh8 {[%emt 0:04:34]} 31. Qg2 {[%emt 0:01:18]} Ke8 {[%emt 0:00:13]} 1-0

[Event "Catalan Youth-ch 2020"]
[Site "Salou"]
[Date "2020.09.10"]
[Round "8.8"]
[White "Jurado Coderch, Heribert"]
[Black "Moya Nunez, Pau Salvador"]
[Result "0-1"]
[WhiteElo "1741"]
[BlackElo "1990"]
[Annotator "TA"]
[PlyCount "80"]
[EventDate "2020.09.07"]
[EventType "swiss"]
[EventCountry "ESP"]
[SourceTitle "playchess.com"]
[Source "ChessBase"]
[SourceQuality "1"]

{[%evp 14,80,8,6,27,15,21,6,14,0,10,-10,-4,0,-16,-13,-7,-28,37,-42,-26,-51,-29,-41,-8,-25,0,-23,-16,-17,-17,-17,-21,-25,-22,-27,-23,-31,-29,-36,-37,-45,-54,-51,-47,-79,-52,-43,-39,-139,-135,-178,-189,-267,-256,-328,-320,-318,-268,-385,-141,-556,-547,-981,-860,-1362,-1126,-6498,-6406]} 1. e4 c5 2. Nf3 d6 3. d4 cxd4 4. Nxd4 Nf6 5. Nc3 Nc6 6. Be2 e5 7. Nb3 Be6 8. O-O {8.0-0 is better than 8.Bg5.} d5 {B59: Classical Sicilian: 6 Be2 e5 7 Nb3.} 9. exd5 Nxd5 10. Nxd5 (10. Ne4 {looks sharper.} Nf6 11. Nec5 Qc8 12. Bd3 Be7 13. Re1) 10... Qxd5 {The position is equal.} 11. Qxd5 (11. Be3 {is more complex.} Be7 12. c3 Qxd1 13. Raxd1 f6 14. f4) 11... Bxd5 12. c3 O-O-O 13. Be3 Be7 14. Rad1 f5 {[#]} 15. f3 $146 ({Predecessor:} 15. Bd3 g6 16. Bb1 b6 17. Rfe1 Rd7 18. Bd3 Rhd8 19. Bb5 Kb7 20. f3 a6 21. Be2 {0-1 (56) Kolaric,S (1878)-Kozarski,F (1927) Ljubljana 2008}) 15... b6 (15... Bf7 $11) 16. Nc1 (16. f4 $1 $14) 16... g5 17. Bf2 Bf6 18. b3 Ne7 19. c4 Bc6 20. Rxd8+ (20. Nd3 {with more complications.} e4 21. Nb4 exf3 22. gxf3 Bb7 23. c5) 20... Rxd8 21. Rd1 Rxd1+ 22. Bxd1 e4 23. fxe4 Bxe4 24. Ne2 Nc6 25. Be1 Kd7 26. Bc3 Ke6 27. Bxf6 Kxf6 $15 {[%mdl 4096] Endgame KBN-KBN} 28. Nc3 Ke5 29. Kf2 Nd4 (29... Kd4 $5 {[%cal Rd4c3]} 30. Nb5+ Ke5 $15) 30. g3 Bc6 31. a4 (31. Ke3 $15) 31... a5 32. Ke3 f4+ 33. Kf2 (33. gxf4+ {is the only way for White.} gxf4+ 34. Kf2) 33... f3 $1 $19 34. g4 {[#]} Kf4 $1 35. h3 h6 36. Nb1 (36. Na2 {is a better defense.}) 36... Ke4 $2 (36... Bb7 $19 37. Nd2 Be4) 37. Nd2+ $2 {[%mdl 8192] [#] This move loses the game for White.} (37. Nc3+ $17 {was the crucial defense.} Kf4 38. Na2) 37... Kd3 $1 {[%cal Rd3d2] Black is clearly winning.} ({Not} 37... Kf4 38. Nf1 $17) 38. Nb1 Bb7 39. Na3 Kd2 40. Nb5 Nxb5 {Accuracy: White = 52%, Black = 74%.} 0-1

[Event "Catalan Youth-ch 2020"]
[Site "Salou"]
[Date "2020.09.10"]
[Round "8.8"]
[White "Prada Villagrasa, Pau Manel"]
[Black "Marin Ripoll, Marti"]
[Result "1-0"]
[WhiteElo "1573"]
[BlackElo "1313"]
[Annotator "NA RC"]
[PlyCount "79"]
[EventDate "2020.09.07"]
[EventType "swiss"]
[EventCountry "ESP"]
[SourceTitle "playchess.com"]
[Source "ChessBase"]
[SourceQuality "1"]
[TimeControl "5400+30"]

1. e4 {[%emt 0:00:05]} c5 {[%emt 0:00:00]} 2. Nc3 {[%emt 0:00:39]} Nc6 {[%emt 0:00:04]} 3. f4 {[%emt 0:00:26]} g6 {[%emt 0:00:08]} 4. Nf3 {[%emt 0:00:46]} Bg7 {[%emt 0:00:28]} 5. Bc4 {[%emt 0:00:38]} e6 {[%emt 0:00:30]} 6. d3 {[%emt 0:00:24]} Nge7 {[%emt 0:00:32]} 7. O-O {[%emt 0:01:16]} d5 {[%emt 0:00:13]} 8. Bb3 {[%emt 0:00:57]} O-O {[%emt 0:00:09]} 9. Qe1 {[%emt 0:01:25]} Nd4 {[%emt 0:03:23]} 10. Nxd4 {[%emt 0:02:21]} cxd4 {[%emt 0:00:00]} 11. Nb1 {[%emt 0:03:36]} a5 {[%emt 0:02:13]} 12. a4 {[%emt 0:01:05]} dxe4 {[%emt 0:03:21]} 13. Qxe4 {[%emt 0:01:46]} Bd7 {[%emt 0:00:35]} 14. Qe2 {[%emt 0:01:05]} Bc6 {[%emt 0:00:51]} 15. Nd2 {[%emt 0:01:07]} Rc8 {[%emt 0:01:00]} 16. Ne4 {[%emt 0:00:54]} Nf5 {[%emt 0:01:25]} 17. Rf3 {[%emt 0:06:20]} Nd6 {[%emt 0:01:03]} 18. Rh3 {[%emt 0:00:51]} Nxe4 {[%emt 0:04:04]} 19. dxe4 {[%emt 0:00:50]} Qb6 {[%emt 0:03:17]} 20. Kh1 {[%emt 0:02:45]} Rcd8 {[%emt 0:00:57]} 21. Qe1 {[%emt 0:01:53]} d3 {[%emt 0:01:08]} 22. Be3 {[%emt 0:07:33]} Qc7 {[%emt 0:01:36]} 23. cxd3 {[%emt 0:01:11]} Rxd3 {[%emt 0:05:35]} 24. Bc2 {[%emt 0:12:36]} Rd7 {[%emt 0:01:08]} 25. Qh4 {[%emt 0:04:12]} h5 {[%emt 0:02:17]} 26. Rg1 {[%emt 0:05:37]} Qd8 {[%emt 0:00:22]} 27. Qg3 {[%emt 0:04:16]} Qb8 {[%emt 0:08:45]} 28. Bc5 {[%emt 0:09:47]} Rfd8 {[%emt 0:03:00]} 29. Bb6 {[%emt 0:00:31]} Rf8 {[%emt 0:00:23]} 30. Bxa5 {[%emt 0:01:01]} Bh6 {[%emt 0:05:05]} 31. Rf1 {[%emt 0:02:20]} Bg7 {[%emt 0:00:01]} 32. Qg5 {[%emt 0:01:26]} Kh7 {[%emt 0:03:17]} 33. f5 {[%emt 0:00:54]} Bh6 {[%emt 0:05:55]} 34. Qf6 {[%emt 0:01:42]} Bg7 {[%emt 0:00:00]} 35. Qh4 {[%emt 0:14:00]} Qe5 {[%emt 0:01:56]} 36. Bc3 {[%emt 0:00:39]} Qc5 {[%emt 0:01:02]} 37. Qg5 {[%emt 0:00:00]} Bxc3 {[%emt 0:04:32]} 38. bxc3 {[%emt 0:02:22]} Rg8 {[%emt 0:08:39]} 39. fxg6+ {[%emt 0:00:00]} fxg6 {[%emt 0:00:09]} 40. Qxc5 {[%emt 0:00:22]} 1-0